1311 1703 1217 1812 1867 1715 1199 1237 1370 1188 1564 1103 1942 1831 1729 1501 1340 1905 1857 1364 1961 1698 1775 1829 1864 1160 1548 1384 1602 1674 1421 1371 1378 1319 1992 1959 1761 1112 1592 1681 1958 1885 1104 1995 1483 1036 1843 1665 1683 1457 1667 1627 1072 1964 1681 1120 1485 1144 1273 1295 1808 1659 1739 1872 1308 1096 1744 1403 1463 1480 1010 1784 1606 1084 1067 1634 1711 1526 1618 1871 1726 1902 1690 1285 1671 1298 1367 1176 1009 1851 1640 1953 1778 1800 1876 1321 1637 1070 1527 BCNSPRNW ULIB Ver.6.0+V

เปลี่ยนเป็นภาษาไทย

Change to English
 แสดงรายละเอียดบรรณานุกรม
  กลับหน้าหลัก

Brief Record : Get Marc (ISO 2709) : E-mail record : QR code < ปิดหน้าต่าง
LEADER : 00000nam 2200000uu 4500
001    13399129058
003     ULIB
008    250528s2567||||th 000 0 tha d
020    ^a9786166128796
060  4 ^aWA590^bอ662ส
100 0  ^aอารียา จิรธนานุวัฒน์^eผู้แต่ง
245 1  ^aสุขภาพคนเมืองและการส่งเสริมสุขภาพ /^cอารียา จิรธนานุวัฒน์
246 3  ^aUrban health and health promotion.
250    ^aพิมพ์ครั้งที่ 1.
260    ^aกรุงเทพฯ :^bภาควิชาเทคโนโลยีสุขภาพ คณะวิทยาศาสตร์และเทคโนโลยีสุขภาพ มหาวิทยาลัยนวมินทราธิราช, ^c2567.
300    ^a182 หน้า :^bภาพประกอบ ;^c25 ซม
505 2  ^aสุขภาพกับเป้าหมายการพัฒนาอย่างยั่งยืน -- การส่งเสริมสุขภาพ -- ทฤษฎีทางพฤติกรรมสุขภาพ -- สุขภาพคนเมือง -- กลวิธีส่งเสริมสุขภาพ
505 2  ^a^tสุขภาพกับเป้าหมายการพัฒนาอย่างยั่งยืน -- การส่งเสริมสุขภาพ -- ทฤษฎีทางพฤติกรรมสุขภาพ -- สุขภาพคนเมือง -- กลวิธีส่งเสริมสุขภาพ.
650  7 ^aการส่งเสริมสุขภาพ
650  7 ^aพฤติกรรมสุขภาพ
650  7 ^aสุขภาพเมือง
945    ^p350^l0^i011731
945    ^p350^l0^i011732
945    ^p350^l0^i011733
999    ^aประนอม เกษจรัล
รายการนี้ยังไม่มีแท็ก
คุณยังไม่ได้ล็อกอิน คุณสามารถมีกิจกรรมร่วมกับเว็บไซต์ได้ แต่ต้องล็อกอินก่อน ::
  ล็อกอิน

รายการสื่อสารสนเทศ

ลำดับที่ ประเภท เลขเรียก/บาร์โค้ด สถานที่ สถานะ
1. วิทยาศาสตร์การแพทย์ และสุขภาพ
หนังสือสำรอง
สถานะ=หนังสือสำรอง
WA590 อ662ส ฉ.1 
  Barcode: 011731
ห้องสมุดวิทยาเขตสวรรค์ประชารักษ์
►หนังสือทั่วไป
บนชั้น
2. วิทยาศาสตร์การแพทย์ และสุขภาพ
วิทยาศาสตร์การแพทย์ และสุขภาพ
WA590 อ662ส ฉ.2 
  Barcode: 011732
ห้องสมุดวิทยาเขตสวรรค์ประชารักษ์
►หนังสือทั่วไป
บนชั้น
3. วิทยาศาสตร์การแพทย์ และสุขภาพ
วิทยาศาสตร์การแพทย์ และสุขภาพ
WA590 อ662ส ฉ.3 
  Barcode: 011733
ห้องสมุดวิทยาเขตสวรรค์ประชารักษ์
►หนังสือทั่วไป
บนชั้น

รายการใกล้เคียง
    หัวเรื่อง [การส่งเสริมสุขภาพ]
    หัวเรื่อง [พฤติกรรมสุขภาพ]
    หัวเรื่อง [สุขภาพเมือง]

BibComment


ยังไม่เคยถูกคอมเมนท์

คอมเมนท์ทรัพยากรรายการนี้
  คอมเมนท์: สุขภาพคนเมืองและ..


 Copyright 2026. Bcnsprnw @Library